00306nam a2200121Ia 4500008004600000041000800046082001300054100001400067245004100081260003700122300001800159440000700177240112s1981 JAN xx 000 0 und d aeng a6015.103 aMODELL W. aCLINICAL PHARMACOLOGY & THERAPEUTICS bTHE C.V.MOSBY COMPANYc1981 JAN  a888,HBc(1-6) v29